000
00260nam a22001097a 4500
082
_a
621.384166 COL'R
100
_a
COLLINS, A. FREDERICK
_9
41651
245
_a
THE RADIO AMATURE'S HANDBOOK
260
_a
NEWYORK
_b
THOMAS Y
_c
1964
300
_a
374P
942
_c
BK
999
_c
567177
_d
567177